00433cam a22001692 4500001001100000005001700011008004100028020001700069040001500086050002500101100002900126245002600155260003500181300001100216650003300227852000300260000002426720151217155914.0130624s xx 000 0 eng d a996646929x : aKABUcKABU 0aPL8704b.M76S25 19931 aMtobwa, Ben.@000015215210aSalamu kutoka kuzimu. aNairobi :bMkuki Books,c1993. a123 p. 0aSwahili fiction.@00001842631